[Event "Sao Paulo STD U2200 op 5th"]
[White "Vilanova, Luis Molist"]
[Black "Matsura, Eduardo"]
[Site "Sao Paulo"]
[Round "1"]
[Result "0-1"]
[Date "2019.08.30"]
[WhiteElo "1800"]
[BlackElo "1676"]
[PlyCount "86"]
[EventDate "2019.08.30"]
[EventType "swiss"]
[EventRounds "6"]
[EventCountry "BRA"]
[SourceTitle "CBM 195 Extra"]
[Source "ChessBase"]
[SourceDate "2020.05.31"]
[SourceVersion "1"]
[SourceVersionDate "2020.05.31"]
[SourceQuality "1"]

1. e4 g6 2. d4 Bg7 3. Nf3 d6 4. c3 Nf6 5. Nbd2 0-0 6. Bc4 Nxe4 7. Nxe4 d5 8. Bd3 dxe4 9. Bxe4 Nd7 10. 0-0 c5 11. Be3 cxd4 12. Bxd4 e5 13. Be3 Nf6 14. Bc2 Qc7 15. Qe2 Nd5 16. Bb3 Nxe3 17. Qxe3 h6 18. Rfe1 Re8 19. Rad1 Be6 20. Bxe6 Rxe6 21. Qd3 Rae8 22. Qb5 R8e7 23. Qd5 Kh7 24. Re4 Qc6 25. Qxc6 Rxc6 26. Rd5 f5 27. Re1 e4 28. Nd4 Bxd4 29. Rxd4 Rce6 30. h4 Kg7 31. c4 Kf6 32. g3 g5 33. hxg5+ hxg5 34. Kg2 g4 35. b4 Ra6 36. Rd2 Ra4 37. Rb2 Rd7 38. Re3 Ke5 39. Kf1 Rd1+ 40. Ke2 Ra1 41. Reb3 R1xa2 42. Kd2 Rxb2+ 43. Rxb2 Kd4 0-1

[Event "Florianopolis op 5th"]
[White "Matsura, Eduardo"]
[Black "Bassani, Jaison Jose"]
[Site "Florianopolis"]
[Round "4"]
[Result "0-1"]
[Date "2019.01.23"]
[WhiteElo "1624"]
[BlackElo "1959"]
[PlyCount "76"]
[EventDate "2019.01.21"]
[EventType "swiss"]
[EventRounds "10"]
[EventCountry "BRA"]
[SourceTitle "CBM 188 Extra"]
[Source "ChessBase"]
[SourceDate "2019.02.28"]
[SourceVersion "1"]
[SourceVersionDate "2019.02.28"]
[SourceQuality "1"]

1. g3 d5 2. Bg2 Nf6 3. Nf3 e6 4. 0-0 Be7 5. d3 b6 6. c4 Bb7 7. b3 0-0 8. Bb2 c5 9. e3 Nbd7 10. d4 Rc8 11. cxd5 Nxd5 12. Qe2 Nb4 13. Nc3 Ba6 14. Nb5 cxd4 15. Nfxd4 Bf6 16. Rfc1 Nc5 17. Rc3 e5 18. Nf3 Nbd3 19. a4 Nxb2 20. Qxb2 Bxb5 21. axb5 e4 22. Nd4 Bxd4 23. exd4 Qxd4 24. Rc2 Nxb3 25. Qxd4 Nxd4 26. Rb2 f5 27. Rxa7 Rc1+ 28. Bf1 Rd8 29. Kg2 Nf3 30. Be2 Ne1+ 31. Kh3 Rd6 32. Kh4 Rc5 33. Ra8+ Kf7 34. Ra7+ Kf6 35. g4 f4 36. Rb4 g5+ 37. Kh5 Rc3 38. Bf1 Rdd3 0-1

[Event "Sao Paulo STD U2200 op 3rd"]
[White "Matsura, Eduardo"]
[Black "Miranda, Raul"]
[Site "Sao Paulo"]
[Round "6"]
[Result "1-0"]
[Date "2018.10.14"]
[WhiteElo "1635"]
[BlackElo "1579"]
[PlyCount "59"]
[EventDate "2018.10.12"]
[EventType "swiss"]
[EventRounds "6"]
[EventCountry "BRA"]
[SourceTitle "EXT 2021"]
[Source "ChessBase"]
[SourceDate "2020.10.23"]
[SourceVersion "1"]
[SourceVersionDate "2020.10.23"]
[SourceQuality "1"]

1. Nf3 Nf6 2. g3 g6 3. Bg2 Bg7 4. 0-0 d6 5. d4 0-0 6. c4 Nbd7 7. Nc3 e5 8. e4 exd4 9. Nxd4 Nc5 10. h3 c6 11. Be3 Re8 12. Qc2 Ne6 13. Rad1 Qc7 14. Rfe1 Nc5 15. Bc1 Nh5 16. b4 Ne6 17. Nf3 Qb6 18. a3 a5 19. Be3 Qc7 20. b5 Bxc3 21. b6 Qe7 22. Qxc3 c5 23. e5 dxe5 24. Nxe5 Rd8 25. Ng4 Nhg7 26. Nf6+ Kh8 27. Bh6 Rxd1 28. Bxg7+ Kxg7 29. Nd5+ Nd4 30. Nxe7 1-0

[Event "Sao Paulo STD U2200 op 3rd"]
[White "Triebe De Mello, Otto Carlos"]
[Black "Matsura, Eduardo"]
[Site "Sao Paulo"]
[Round "5"]
[Result "1-0"]
[Date "2018.10.14"]
[WhiteElo "1720"]
[BlackElo "1635"]
[PlyCount "115"]
[EventDate "2018.10.12"]
[EventType "swiss"]
[EventRounds "6"]
[EventCountry "BRA"]
[SourceTitle "EXT 2021"]
[Source "ChessBase"]
[SourceDate "2020.10.23"]
[SourceVersion "1"]
[SourceVersionDate "2020.10.23"]
[SourceQuality "1"]

1. e4 g6 2. d4 Bg7 3. Nf3 d6 4. Bc4 Nf6 5. Nc3 0-0 6. 0-0 Nc6 7. h3 e5 8. dxe5 dxe5 9. Bg5 h6 10. Bh4 g5 11. Bg3 Qe7 12. Qe1 Nd4 13. Nxd4 exd4 14. Nd5 Nxd5 15. Bxd5 c6 16. Bc4 b5 17. Bd3 Be6 18. a3 a6 19. e5 Bd5 20. f4 gxf4 21. Rxf4 Qxe5 22. Qxe5 Bxe5 23. Rg4+ Bg7 24. Be5 f6 25. Bxd4 c5 26. Bxc5 f5 27. Rxg7+ Kxg7 28. Bxf8+ Rxf8 29. Re1 Kf6 30. Kf2 f4 31. Be4 Ba8 32. Bxa8 Rxa8 33. Kf3 Rg8 34. Rd1 Ke5 35. Re1+ Kf5 36. Re7 Rg3+ 37. Kf2 Rg6 38. Rc7 Ke4 39. Re7+ Kf5 40. Re2 Rd6 41. Kf3 Rg6 42. c3 Rg3+ 43. Kf2 Rg6 44. Rd2 Re6 45. Rd5+ Ke4 46. Rd4+ Kf5 47. c4 bxc4 48. Rxc4 Rd6 49. Rc2 Ke4 50. Rc4+ Kf5 51. Ke2 Rg6 52. Kf3 Rg3+ 53. Kf2 Rg6 54. Rc3 Rd6 55. Ke1 Rg6 56. Kf2 Rd6 57. g4+ fxg3+ 58. Kxg3 1-0

[Event "Sao Paulo STD U2200 op 3rd"]
[White "Kamesu, Oscar Kiyomitsu"]
[Black "Matsura, Eduardo"]
[Site "Sao Paulo"]
[Round "1"]
[Result "0-1"]
[Date "2018.10.12"]
[WhiteElo "1800"]
[BlackElo "1635"]
[PlyCount "88"]
[EventDate "2018.10.12"]
[EventType "swiss"]
[EventRounds "6"]
[EventCountry "BRA"]
[SourceTitle "EXT 2021"]
[Source "ChessBase"]
[SourceDate "2020.10.23"]
[SourceVersion "1"]
[SourceVersionDate "2020.10.23"]
[SourceQuality "1"]

1. e4 g6 2. d4 Bg7 3. Nf3 d6 4. Nc3 a6 5. Be3 b5 6. a3 Nd7 7. Be2 Bb7 8. 0-0 Ngf6 9. d5 c5 10. dxc6 Bxc6 11. Nd2 0-0 12. f4 Qc7 13. Bf3 Rac8 14. Qe2 Qb7 15. Bf2 Nb6 16. Rad1 Rfd8 17. g4 Nc4 18. Nxc4 bxc4 19. Rb1 e5 20. g5 Nd7 21. Bg3 exf4 22. Bxf4 Ne5 23. Bg2 Re8 24. Kh1 Qc7 25. Qf2 Rf8 26. Rfd1 f5 27. Bxe5 Bxe5 28. Qe2 Qf7 29. Rf1 f4 30. Qf3 Qa7 31. Bh3 Rce8 32. Nd5 Bxd5 33. exd5 Rb8 34. c3 Qe3 35. Be6+ Kh8 36. Kg2 Qxf3+ 37. Kxf3 Rb6 38. Rfc1 Rfb8 39. Rc2 Kg7 40. h4 h5 41. Ke4 Rb3 42. a4 Bxc3 43. Kxf4 Be5+ 44. Ke4 Rf8 0-1

[Event "Pocos de Caldas op"]
[White "Matsura, Eduardo"]
[Black "Trombini, Fabio"]
[Site "Pocos de Caldas"]
[Round "5"]
[Result "1/2-1/2"]
[Date "2018.03.04"]
[WhiteElo "1579"]
[BlackElo "1895"]
[PlyCount "79"]
[EventDate "2018.03.02"]
[EventType "swiss"]
[EventRounds "6"]
[EventCountry "BRA"]
[SourceTitle "CBM 183 Extra"]
[Source "ChessBase"]
[SourceDate "2018.04.19"]
[SourceVersion "1"]
[SourceVersionDate "2018.04.19"]
[SourceQuality "1"]

1. Nf3 d5 2. g3 c6 3. Bg2 Nf6 4. d3 Bg4 5. 0-0 Nbd7 6. h3 Bxf3 7. Bxf3 e5 8. Nd2 Bc5 9. c3 0-0 10. Qc2 a5 11. b3 Qe7 12. Bb2 Rfe8 13. e4 dxe4 14. dxe4 Nf8 15. Rfe1 Ne6 16. Kg2 Nd7 17. Nf1 Ng5 18. h4 Nxf3 19. Kxf3 Nf8 20. Bc1 Red8 21. Bg5 f6 22. Be3 Ne6 23. Rad1 Bxe3 24. Nxe3 Qc5 25. Kg2 g6 26. a4 b5 27. axb5 Qxb5 28. Rxd8+ Rxd8 29. Rd1 Rxd1 30. Qxd1 Nc5 31. Qd8+ Kf7 32. Ng4 Nxe4 33. Qd7+ Kf8 34. Qd8+ Kf7 35. Qd7+ Kf8 36. c4 Qxb3 37. Qxc6 Qc2 38. Qc8+ Ke7 39. Qc7+ Ke8 40. Qc8+ 1/2-1/2

[Event "Pocos de Caldas op"]
[White "Menezes, Jose Eduardo Carnei"]
[Black "Matsura, Eduardo"]
[Site "Pocos de Caldas"]
[Round "6"]
[Result "1/2-1/2"]
[Date "2018.03.04"]
[WhiteElo "1844"]
[BlackElo "1579"]
[PlyCount "47"]
[EventDate "2018.03.02"]
[EventType "swiss"]
[EventRounds "6"]
[EventCountry "BRA"]
[SourceTitle "CBM 183 Extra"]
[Source "ChessBase"]
[SourceDate "2018.04.19"]
[SourceVersion "1"]
[SourceVersionDate "2018.04.19"]
[SourceQuality "1"]

1. e4 g6 2. d4 Bg7 3. Be3 d6 4. Nc3 a6 5. Qd2 b5 6. a3 Nd7 7. f4 Ngf6 8. h3 Bb7 9. d5 c5 10. dxc6 Bxc6 11. Bd3 Nc5 12. Bxc5 dxc5 13. e5 Nd7 14. Be4 Bxe4 15. Nxe4 Qc7 16. Nf3 0-0 17. 0-0 Rac8 18. Rad1 Rfd8 19. Qe2 Nf8 20. Rxd8 Rxd8 21. Rd1 Ne6 22. g3 h5 23. Neg5 Nxg5 24. Nxg5 1/2-1/2

[Event "Pocos de Caldas op"]
[White "Gazola, Vanessa Ramos"]
[Black "Matsura, Eduardo"]
[Site "Pocos de Caldas"]
[Round "2"]
[Result "1/2-1/2"]
[Date "2018.03.02"]
[WhiteElo "2025"]
[BlackElo "1579"]
[PlyCount "82"]
[EventDate "2018.03.02"]
[EventType "swiss"]
[EventRounds "6"]
[EventCountry "BRA"]
[SourceTitle "CBM 183 Extra"]
[Source "ChessBase"]
[SourceDate "2018.04.19"]
[SourceVersion "1"]
[SourceVersionDate "2018.04.19"]
[SourceQuality "1"]

1. d4 g6 2. c4 Bg7 3. Nc3 d6 4. e4 Nf6 5. Be2 0-0 6. Bg5 h6 7. Be3 Nbd7 8. Qd2 Kh7 9. h3 e5 10. d5 Nc5 11. f3 Nh5 12. g4 Nf4 13. 0-0-0 f5 14. gxf5 gxf5 15. Bf1 Bd7 16. h4 fxe4 17. Bxc5 dxc5 18. Nxe4 Qe7 19. Ne2 b5 20. N2g3 Kg8 21. Qe3 Rab8 22. Qxc5 Qxc5 23. Nxc5 Be8 24. Na6 Rb6 25. Nxc7 bxc4 26. Bxc4 Bf7 27. b3 Rc8 28. Ne6 Nxe6 29. Nf5 Bf8 30. dxe6 Bxe6 31. Ne3 Bxc4 32. Nxc4 Rf6 33. Rd3 Bg7 34. Kd2 Rf4 35. Rg1 Kf8 36. Rd7 Bf6 37. Nd6 Rd4+ 38. Ke3 Rc3+ 39. Ke2 Rc2+ 40. Ke3 Rc3+ 41. Ke2 Rc2+ 1/2-1/2